| 000 | 00555nam a22002057a 4500 | ||
|---|---|---|---|
| 003 | OSt | ||
| 005 | 20220606045232.0 | ||
| 008 | 170425b xxu||||| |||| 00| 0 eng d | ||
| 020 | _a0026401614 | ||
| 040 |
_aMMU _beng. _cMMU _dMMU |
||
| 050 | _aTT560 .W43 1990 | ||
| 100 | _aWeber Jeanette, | ||
| 245 |
_aClothing: _bfashion, fabrics, construction/ _cJeanette weber. |
||
| 250 | _a2nd ed. | ||
| 260 |
_aCalifornia. _bGlencoe Publishing Company, _c1990. |
||
| 300 | _a480p.; | ||
| 500 | _aIncludes index. | ||
| 650 | _aFashion. | ||
| 942 |
_2lcc _cLOAN LOAN |
||
| 999 |
_c27111 _d27110 |
||